00219nam a2200097Ia 4500008004100000082000800041100001900049245003200068942000600100999001500106240331s9999 xx 000 0 und d bSEN aSeneviratne, M 0aSearch for a Tamil homeland cL c2039d2039